[Event "XXXII Mitropa Cup"]
[Site "Meissen GER"]
[Date "2013.06.01"]
[Round "1.1"]
[White "Housieaux, David"]
[Black "Brunello, Sabino"]
[Result "1-0"]
[WhiteElo "2466"]
[BlackElo "2598"]
[Annotator "ITA-FRA"]
[PlyCount "79"]
[EventDate "2013.06.01"]

1. c4 Nf6 2. g3 e6 3. Bg2 d5 4. Nf3 dxc4 5. Qa4+ c6 6. Qxc4 b5 7. Qc2 Bb7 8.
O-O Nbd7 9. b3 Rc8 10. Bb2 c5 11. d3 Be7 12. Nbd2 O-O 13. Rfc1 Qb6 14. Qd1 Rfd8
15. Qf1 h6 16. h3 Nd5 17. Kh2 Bf8 18. a3 Nb8 19. Rc2 Nc6 20. Rac1 a5 21. Rb1
Qa7 22. a4 Ncb4 23. Rcc1 Na2 24. Re1 bxa4 25. bxa4 Bc6 26. Ne5 Bxa4 27. Bxd5
exd5 28. Ra1 Bb3 29. Nxb3 Qb6 30. Rxa2 Qxb3 31. Rea1 c4 32. Bd4 c3 33. Rxa5 c2
34. Qc1 Bb4 35. Ra7 Bc3 36. Qf4 Rf8 37. Rc1 Bxd4 38. Qxd4 Ra8 39. Rc7 Rfc8 40.
R1xc2 1-0

[Event "XXXII Mitropa Cup"]
[Site "Meissen GER"]
[Date "2013.06.01"]
[Round "1.2"]
[White "Dvirnyy, Danyyil"]
[Black "Guidarelli, Laurent"]
[Result "1/2-1/2"]
[WhiteElo "2540"]
[BlackElo "2472"]
[Annotator "ITA-FRA"]
[PlyCount "80"]
[EventDate "2013.06.01"]

1. e4 e6 2. d4 d5 3. Nc3 Nf6 4. e5 Nfd7 5. f4 c5 6. Nf3 Nc6 7. Be3 cxd4 8. Nxd4
Bc5 9. Qd2 a6 10. O-O-O O-O 11. Nb3 b6 12. Be2 Bb7 13. Bf3 Rc8 14. Qf2 Bxe3+
15. Qxe3 b5 16. Kb1 b4 17. Ne2 a5 18. Nbd4 Qb6 19. Qd2 a4 20. Nxc6 Rxc6 21. Nd4
Rc4 22. Rhe1 Nc5 23. Re3 Ne4 24. Bxe4 dxe4 25. b3 Rc5 26. bxa4 Rd8 27. Rb3 Rc4
28. c3 bxc3 29. Rxb6 cxd2 30. Nc2 Rd7 31. Rd6 Bc6 32. R1xd2 Rb7+ 33. Kc1 g5 34.
R2d4 Rxd4 35. Nxd4 Bxa4 36. f5 exf5 37. Nxf5 Bd7 38. Nd4 Kf8 39. Kd2 Ke7 40.
Rh6 Rb2+ 1/2-1/2

[Event "XXXII Mitropa Cup"]
[Site "Meissen GER"]
[Date "2013.06.01"]
[Round "1.4"]
[White "Caprio, Guido"]
[Black "Cotonnec, Melkior"]
[Result "0-1"]
[WhiteElo "2435"]
[BlackElo "2432"]
[Annotator "ITA-FRA"]
[PlyCount "61"]
[EventDate "2013.06.01"]

1. d4 d5 2. c4 c6 3. Nf3 dxc4 4. e3 Be6 5. Qc2 b5 6. b3 cxb3 7. axb3 Nf6 8. Bd3
g6 9. O-O Bg7 10. Nbd2 Qb6 11. Ba3 a5 12. Rfc1 b4 13. Bb2 O-O 14. Ng5 Bc8 15.
Nc4 Qc7 16. Ne5 e6 17. Bc4 Nd5 18. Ngf3 Qd8 19. Bd3 Bb7 20. Qe2 Re8 21. h4 Qc7
22. Qc2 Rc8 23. h5 Nd7 24. hxg6 hxg6 25. Nxd7 Qxd7 26. e4 Nf4 27. Bf1 c5 28.
dxc5 Bxb2 29. Qxb2 Bxe4 30. Ne5 Qb7 31. c6 0-1

[Event "XXXII Mitropa Cup"]
[Site "Meissen GER"]
[Date "2013.06.02"]
[Round "2.1"]
[White "Godena, Michele"]
[Black "Shengelia, David"]
[Result "1/2-1/2"]
[WhiteElo "2518"]
[BlackElo "2558"]
[Annotator "ITA-AUT"]
[PlyCount "138"]
[EventDate "2013.06.01"]

1. e4 c6 2. d4 d5 3. Nd2 dxe4 4. Nxe4 Bf5 5. Ng3 Bg6 6. Nh3 Nf6 7. Bc4 e6 8.
O-O Bd6 9. f4 Qc7 10. Kh1 O-O 11. f5 exf5 12. Nxf5 Nbd7 13. Nxd6 Qxd6 14. Bf4
Qb4 15. Bb3 Nd5 16. c3 Qb6 17. c4 Nxf4 18. c5 Qb4 19. Nxf4 Rad8 20. a3 Qb5 21.
Nxg6 hxg6 22. Qc2 Rde8 23. Bc4 Qa5 24. Qxg6 Re7 25. b4 Qd8 26. Rf3 Ne5 27. dxe5
Qd4 28. Rc1 Qxc4 29. Qxg7+ Kxg7 30. Rxc4 Rd8 31. Rg4+ Kf8 32. Rgf4 Rd1+ 33. Rf1
Rxf1+ 34. Rxf1 Rxe5 35. h3 a5 36. Rf4 Re1+ 37. Kh2 Ra1 38. Rf3 Rb1 39. bxa5 Rc1
40. Rb3 Rxc5 41. Rxb7 Rxa5 42. Rb3 Ke7 43. h4 c5 44. Kg3 Ke6 45. Re3+ Kf5 46.
Kf3 Ra4 47. g3 Rc4 48. Rd3 Ke5 49. Re3+ Kf5 50. Ke2 Kg4 51. Kd3 Rc1 52. Kd2 Rc4
53. Rc3 Ra4 54. Kc2 c4 55. Re3 f5 56. Kb2 Ra8 57. Rc3 Ra4 58. Kc1 Ra8 59. Kd2
Rd8+ 60. Ke2 Rb8 61. Kd2 Rb2+ 62. Kc1 Rg2 63. Kb1 Rxg3 64. Rxg3+ Kxg3 65. h5 f4
66. h6 f3 67. h7 f2 68. h8=Q f1=Q+ 69. Kb2 Qe2+ 1/2-1/2

[Event "XXXII Mitropa Cup"]
[Site "Meissen GER"]
[Date "2013.06.02"]
[Round "2.2"]
[White "Schreiner, Peter"]
[Black "Dvirnyy, Danyyil"]
[Result "1/2-1/2"]
[WhiteElo "2456"]
[BlackElo "2540"]
[Annotator "ITA-AUT"]
[PlyCount "93"]
[EventDate "2013.06.01"]

1. Nf3 d5 2. d4 Nf6 3. c4 e6 4. g3 dxc4 5. Bg2 c5 6. Qa4+ Bd7 7. Qxc4 Nc6 8.
O-O b5 9. Qd3 c4 10. Qd1 Rc8 11. Ne5 Bd6 12. Nxd7 Qxd7 13. Nc3 a6 14. d5 Ne7
15. dxe6 Qxe6 16. Qc2 O-O 17. Rd1 Be5 18. Ne4 Nxe4 19. Bxe4 f5 20. Bg2 c3 21.
bxc3 Rxc3 22. Qd2 Rfc8 23. Bb7 R8c7 24. Bb2 Rc2 25. Qd8+ Kf7 26. Bxe5 Rxb7 27.
Qa8 Rb6 28. Bd4 Rd6 29. e3 Rdc6 30. a4 b4 31. Rf1 Qc8 32. Qa7 Qc7 33. Qa8 Qc8
34. Qa7 Rc7 35. Qb6 Nd5 36. Qd6 Qe6 37. Qd8 h6 38. Rad1 Rd7 39. Qh8 Kg6 40. h4
Qe4 41. h5+ Kxh5 42. Bxg7 Rxg7 43. Qxg7 Nxe3 44. Qf7+ Kg5 45. Qg7+ Kh5 46. Qf7+
Kg5 47. Qg7+ 1/2-1/2

[Event "XXXII Mitropa Cup"]
[Site "Meissen GER"]
[Date "2013.06.02"]
[Round "2.3"]
[White "Mogranzini, Roberto"]
[Black "Diermair, Andreas"]
[Result "1/2-1/2"]
[WhiteElo "2513"]
[BlackElo "2428"]
[Annotator "ITA-AUT"]
[PlyCount "74"]
[EventDate "2013.06.01"]

1. c4 e6 2. g3 d5 3. Bg2 Nf6 4. Nf3 Be7 5. O-O O-O 6. b3 b6 7. Bb2 Bb7 8. e3 c5
9. Nc3 dxc4 10. bxc4 Nc6 11. Qe2 Qc7 12. d3 a6 13. Rab1 Rab8 14. Ba1 Rfd8 15.
Rfd1 Na7 16. a4 Nc6 17. Ne1 Nb4 18. f4 Rd7 19. Rd2 Rbd8 20. Rbd1 Bxg2 21. Qxg2
Ne8 22. Qe2 Qc6 23. Qg2 Qxg2+ 24. Kxg2 Nd6 25. Nb1 Nb7 26. Bc3 Na5 27. Kf3 f6
28. Ke2 Kf7 29. Na3 h6 30. Rb1 Rb7 31. Nf3 Nac6 32. h3 Rbd7 33. Rbd1 g5 34.
Bxb4 Nxb4 35. Nb1 Rg8 36. Kf2 Rgd8 37. Ke2 Rg8 1/2-1/2

[Event "XXXII Mitropa Cup"]
[Site "Meissen GER"]
[Date "2013.06.03"]
[Round "3.2"]
[White "Godena, Michele"]
[Black "Hug, Werner"]
[Result "1/2-1/2"]
[WhiteElo "2518"]
[BlackElo "2471"]
[Annotator "ITA-SUI"]
[PlyCount "49"]
[EventDate "2013.06.01"]

1. d4 Nf6 2. Nf3 d6 3. Nc3 Bg4 4. e4 e6 5. h3 Bh5 6. Qe2 Be7 7. g4 Bg6 8. h4 h5
9. g5 Nfd7 10. Be3 c6 11. d5 cxd5 12. exd5 e5 13. Bh3 O-O 14. Nd2 Na6 15. Nde4
Ndc5 16. Bxc5 Bxe4 17. Nxe4 Nxc5 18. Qxh5 Nxe4 19. Bf5 g6 20. Bxg6 fxg6 21.
Qxg6+ Kh8 22. Qh6+ Kg8 23. Qg6+ Kh8 24. Qh6+ Kg8 25. Qg6+ 1/2-1/2

[Event "XXXII Mitropa Cup"]
[Site "Meissen GER"]
[Date "2013.06.03"]
[Round "3.3"]
[White "Ekstroem, Roland"]
[Black "Dvirnyy, Danyyil"]
[Result "1/2-1/2"]
[WhiteElo "2420"]
[BlackElo "2540"]
[Annotator "ITA-SUI"]
[PlyCount "84"]
[EventDate "2013.06.01"]

1. d4 e6 2. Nf3 d5 3. g3 Nf6 4. Bg2 c5 5. O-O Nc6 6. c4 dxc4 7. Qa4 Bd7 8. dxc5
Na5 9. Qc2 Bxc5 10. Ne5 Nc6 11. Nxd7 Qxd7 12. Qxc4 Bb6 13. Bg5 Nd4 14. Nc3 Rc8
15. Qd3 O-O 16. Rad1 Rfd8 17. Bxf6 gxf6 18. Qe4 f5 19. Qxb7 Qd6 20. Kh1 Qb4 21.
e3 Nb5 22. Nxb5 Qxb5 23. b3 Qe2 24. Rxd8+ Rxd8 25. a4 Qd2 26. Qe7 a5 27. g4 Qd3
28. Qg5+ Kf8 29. Qh6+ Ke7 30. Qxh7 fxg4 31. Qh4+ Kf8 32. Qxg4 Qxb3 33. Bf3 Qb2
34. Qe4 Rd5 35. Qb1 Rd2 36. Qxb2 Rxb2 37. Kg1 f5 38. Re1 f4 39. Re2 Rxe2 40.
Bxe2 fxe3 41. fxe3 Bxe3+ 42. Kg2 Kg7 1/2-1/2

[Event "XXXII Mitropa Cup"]
[Site "Meissen GER"]
[Date "2013.06.03"]
[Round "3.4"]
[White "Mogranzini, Roberto"]
[Black "Zueger, Beat"]
[Result "0-1"]
[WhiteElo "2513"]
[BlackElo "2397"]
[Annotator "ITA-SUI"]
[PlyCount "90"]
[EventDate "2013.06.01"]

1. Nf3 d6 2. g3 e5 3. d3 g6 4. Bg2 Bg7 5. c4 f5 6. Nc3 Nf6 7. O-O O-O 8. Rb1 a5
9. a3 h6 10. b4 axb4 11. axb4 Nc6 12. b5 Nd4 13. Nxd4 exd4 14. Nd5 Nxd5 15.
Bxd5+ Kh7 16. Bd2 Re8 17. Re1 Rb8 18. Ra1 Be6 19. Bf3 d5 20. c5 Qd7 21. Qb3 g5
22. Ra7 Be5 23. Rc1 Qf7 24. Ra4 f4 25. g4 h5 26. h3 hxg4 27. hxg4 Kg6 28. Kg2
Rh8 29. Rg1 Qd7 30. Kf1 c6 31. Rb4 Ra8 32. bxc6 bxc6 33. Rb7 Ra1+ 34. Be1 Bc7
35. Qb2 Rha8 36. Rh1 R8a4 37. Kg2 Bxg4 38. Rxc7 Bxf3+ 39. exf3 Qxc7 40. Qe2 Qf7
41. Qe5 Ra8 42. Qxd4 Rb1 43. Qc3 Re8 44. Qa5 d4 45. Qd2 Qd5 0-1

[Event "XXXII Mitropa Cup"]
[Site "Meissen GER"]
[Date "2013.06.04"]
[Round "4.1"]
[White "Brunello, Sabino"]
[Black "Horvath, Adam"]
[Result "1-0"]
[WhiteElo "2598"]
[BlackElo "2532"]
[Annotator "ITA-HUN"]
[PlyCount "83"]
[EventDate "2013.06.01"]

1. e4 c5 2. Nf3 e6 3. g3 d5 4. exd5 exd5 5. Bg2 Nf6 6. O-O Be7 7. d4 O-O 8.
dxc5 Bxc5 9. Nc3 Nc6 10. Bg5 Be6 11. Qd3 h6 12. Bxf6 Qxf6 13. Nxd5 Qxb2 14.
Rfb1 Ne5 15. Qe2 Nxf3+ 16. Bxf3 Qa3 17. Rxb7 Rab8 18. Rb3 Qa5 19. Rab1 Rxb3 20.
axb3 Bxd5 21. Bxd5 Bxf2+ 22. Qxf2 Qxd5 23. Qxa7 Rc8 24. c4 Qd3 25. Rf1 Qxb3 26.
Qxf7+ Kh8 27. Qe6 Rb8 28. Kg2 Qa4 29. Rf7 Re8 30. Qg6 Qa8+ 31. Kh3 Rg8 32. Qf5
Re8 33. Qg4 Qa1 34. c5 Kg8 35. Qg6 Re2 36. Rb7 Qe5 37. Rd7 Rxh2+ 38. Kxh2 Qe2+
39. Kh3 Qf1+ 40. Kg4 Qc4+ 41. Kf3 Qf1+ 42. Ke4 1-0

[Event "XXXII Mitropa Cup"]
[Site "Meissen GER"]
[Date "2013.06.04"]
[Round "4.2"]
[White "Horvath, Jozsef"]
[Black "Godena, Michele"]
[Result "0-1"]
[WhiteElo "2518"]
[BlackElo "2518"]
[Annotator "ITA-HUN"]
[PlyCount "102"]
[EventDate "2013.06.01"]

1. c4 e5 2. g3 Nf6 3. Bg2 c6 4. a3 h6 5. Nf3 e4 6. Nd4 d5 7. cxd5 Qxd5 8. e3
Bc5 9. Nc3 Qe5 10. Nde2 Bf5 11. b4 Bb6 12. Bb2 Qe7 13. O-O Nbd7 14. Na4 O-O 15.
Rc1 Rfd8 16. Nf4 Bg4 17. f3 exf3 18. Bxf3 Ne5 19. Bxg4 Nexg4 20. Nxb6 axb6 21.
Nh5 Nxh5 22. Qxg4 Rxd2 23. Bd4 Qg5 24. Qxg5 hxg5 25. Rc3 b5 26. Rf5 f6 27. g4
Nf4 28. exf4 Rxd4 29. fxg5 Rxg4+ 30. Kf2 Rxg5 31. Rxg5 fxg5 32. Rd3 Kh7 33. Kg3
Kg6 34. Kg4 Rf8 35. Rd7 Rf4+ 36. Kg3 Rf7 37. Rd6+ Kh5 38. h3 Re7 39. Rd3 b6 40.
Rd6 Re3+ 41. Kg2 Rc3 42. Re6 g4 43. hxg4+ Kxg4 44. Rg6+ Kf5 45. Rxg7 Rxa3 46.
Rb7 Ke5 47. Rxb6 Kd5 48. Kf2 Rb3 49. Ke2 Rxb4 50. Kd3 Rb3+ 51. Kc2 Rh3 0-1

[Event "XXXII Mitropa Cup"]
[Site "Meissen GER"]
[Date "2013.06.04"]
[Round "4.3"]
[White "Dvirnyy, Danyyil"]
[Black "Varga, Zoltan"]
[Result "1-0"]
[WhiteElo "2540"]
[BlackElo "2447"]
[Annotator "ITA-HUN"]
[PlyCount "101"]
[EventDate "2013.06.01"]

1. c4 Nf6 2. g3 c6 3. Bg2 d5 4. Nf3 Bf5 5. Qb3 Qb6 6. Nc3 e6 7. d3 Nbd7 8. Nh4
Bg4 9. h3 Bh5 10. g4 Bg6 11. Nxg6 hxg6 12. d4 Qb4 13. c5 Qxd4 14. Qxb7 Rb8 15.
Qxc6 Qxc5 16. Qxc5 Bxc5 17. b3 Bb4 18. Bd2 Nc5 19. Rc1 Ke7 20. Nxd5+ Nxd5 21.
Bxb4 Nxb4 22. Rxc5 Rhc8 23. Rxc8 Rxc8 24. a3 Nc2+ 25. Kd2 Nxa3 26. Ra1 Nb5 27.
Ra5 Rb8 28. e3 Rb6 29. Bf1 a6 30. Bxb5 axb5 31. Kc3 e5 32. Kb4 Rf6 33. Ra7+ Kd8
34. Ra2 Rf3 35. Kxb5 Kc7 36. Kc5 g5 37. b4 Kb7 38. Rd2 Kc8 39. Kd6 f6 40. Ke6
Rxh3 41. Kf7 Rf3 42. Kxg7 Kc7 43. Kf7 Kc6 44. Ke6 Kb5 45. Rb2 Kc6 46. b5+ Kb6
47. Ke7 f5 48. gxf5 Rxf5 49. Ke6 Rf8 50. Kxe5 g4 51. e4 1-0

[Event "XXXII Mitropa Cup"]
[Site "Meissen GER"]
[Date "2013.06.04"]
[Round "4.4"]
[White "Juhasz, Kristof"]
[Black "Mogranzini, Roberto"]
[Result "1/2-1/2"]
[WhiteElo "2337"]
[BlackElo "2513"]
[Annotator "ITA-HUN"]
[PlyCount "62"]
[EventDate "2013.06.01"]

1. d4 Nf6 2. c4 g6 3. Nc3 Bg7 4. e4 d6 5. Nf3 O-O 6. Be2 c6 7. O-O e5 8. Be3
exd4 9. Nxd4 Re8 10. f3 d5 11. cxd5 Nxd5 12. Nxd5 cxd5 13. Qb3 Nc6 14. Rad1
Nxd4 15. Bxd4 Bxd4+ 16. Rxd4 Qf6 17. Qa4 Bd7 18. Qd1 Bc6 19. exd5 Rxe2 20. dxc6
bxc6 21. Qxe2 Qxd4+ 22. Qf2 Qd5 23. b3 a5 24. Qc2 a4 25. bxa4 Qd4+ 26. Qf2 Qxa4
27. Rc1 Qxa2 28. Qxa2 Rxa2 29. Rxc6 Ra1+ 30. Kf2 Kg7 31. g4 h6 1/2-1/2

[Event "XXXII Mitropa Cup"]
[Site "Meissen GER"]
[Date "2013.06.05"]
[Round "5.1"]
[White "Skoberne, Jure"]
[Black "Brunello, Sabino"]
[Result "1/2-1/2"]
[WhiteElo "2558"]
[BlackElo "2598"]
[Annotator "ITA-SLO"]
[PlyCount "112"]
[EventDate "2013.06.01"]

1. c4 Nf6 2. Nc3 e5 3. g3 d5 4. cxd5 Nxd5 5. Bg2 Nb6 6. Nf3 Nc6 7. O-O Be7 8.
a3 Be6 9. d3 O-O 10. b4 Nd4 11. Bb2 Nxf3+ 12. Bxf3 c6 13. Ne4 f5 14. Nc5 Bxc5
15. bxc5 Nd7 16. Rc1 Qe7 17. Qc2 Rae8 18. Bg2 Qf7 19. f4 Bb3 20. Qc3 e4 21.
dxe4 fxe4 22. Qe3 Bd5 23. g4 b6 24. cxb6 axb6 25. g5 h6 26. Bh3 hxg5 27. fxg5
Qe7 28. Bf5 Ne5 29. Bxe4 Nc4 30. Bxd5+ cxd5 31. Qxe7 Rxe7 32. Rxf8+ Kxf8 33.
Rc2 Nxb2 34. Rxb2 Re3 35. Kf2 Rxa3 36. Rxb6 Rh3 37. Rd6 Rxh2+ 38. Ke3 Kf7 39.
Rxd5 Kg6 40. Kf3 Rh3+ 41. Kf4 Rh4+ 42. Kf3 Rh1 43. e4 Rg1 44. Kf4 Rf1+ 45. Ke3
Rg1 46. Kd4 Rxg5 47. Rxg5+ Kxg5 48. Ke5 Kh4 49. Kf5 g5 50. e5 g4 51. e6 g3 52.
e7 g2 53. e8=Q g1=Q 54. Qh8+ Kg3 55. Qg7+ Kh2 56. Qxg1+ Kxg1 1/2-1/2

[Event "XXXII Mitropa Cup"]
[Site "Meissen GER"]
[Date "2013.06.05"]
[Round "5.3"]
[White "Stajner, Samo"]
[Black "Dvirnyy, Danyyil"]
[Result "0-1"]
[WhiteElo "2321"]
[BlackElo "2540"]
[Annotator "ITA-SLO"]
[PlyCount "126"]
[EventDate "2013.06.01"]

1. d4 d5 2. c4 dxc4 3. Nf3 Nf6 4. e3 a6 5. a4 e6 6. Bxc4 c5 7. O-O Nc6 8. Qe2
Qc7 9. Nc3 Bd6 10. h3 O-O 11. Bd3 b6 12. Ne4 Nxe4 13. Bxe4 Bb7 14. Bd2 Qe7 15.
Rfd1 cxd4 16. exd4 Nb4 17. Bg5 Qc7 18. Rac1 Qb8 19. Bb1 Qe8 20. Nd2 f6 21. Nc4
Bc7 22. Bd2 Nd5 23. Re1 Nf4 24. Bxf4 Bxf4 25. Rc3 b5 26. Nb6 Rd8 27. g3 Bb8 28.
Qd3 g6 29. Ba2 Rd6 30. a5 Kh8 31. d5 e5 32. Rec1 Rd8 33. h4 Qe7 34. h5 Kg7 35.
Qe3 gxh5 36. Qf3 Qf7 37. Qf5 Qg6 38. Rc7+ Bxc7 39. Rxc7+ Rf7 40. Rxf7+ Qxf7 41.
b4 Rd6 42. Kh2 Qg6 43. Qf3 Qc2 44. Bb3 Qb2 45. Kg1 Kg6 46. Bd1 Qd2 47. Qxh5+
Kg7 48. Bf3 Qc2 49. Qe8 Qc7 50. Be4 Qf7 51. Qb8 Qe7 52. g4 Rd8 53. Qa7 Qf7 54.
f3 Bxd5 55. Qxf7+ Bxf7 56. Bb7 Rd4 57. Bxa6 Rxb4 58. Bb7 Rb1+ 59. Kf2 Ra1 60.
a6 b4 61. Nc8 b3 62. a7 b2 63. Be4 Bg6 0-1

[Event "XXXII Mitropa Cup"]
[Site "Meissen GER"]
[Date "2013.06.05"]
[Round "5.4"]
[White "Caprio, Guido"]
[Black "Markoja, Boris"]
[Result "1/2-1/2"]
[WhiteElo "2435"]
[BlackElo "2148"]
[Annotator "ITA-SLO"]
[PlyCount "88"]
[EventDate "2013.06.01"]

1. e4 c5 2. Nf3 Nc6 3. c3 e6 4. d4 cxd4 5. cxd4 d5 6. e5 Bb4+ 7. Nc3 Nge7 8.
Bd3 Nf5 9. a3 Bxc3+ 10. bxc3 Qc7 11. O-O Bd7 12. a4 Na5 13. Qc2 Rc8 14. Bd2 Nc4
15. Bf4 Qa5 16. Rfb1 b6 17. h4 h6 18. h5 Ne7 19. g3 Rc7 20. Rb4 Kd8 21. Qb1 Kc8
22. Nd2 Qa6 23. Qf1 Qb7 24. Nxc4 dxc4 25. Bxc4 Qf3 26. Qg2 Qxg2+ 27. Kxg2 Bc6+
28. f3 Bd5 29. Ba6+ Bb7 30. Bxb7+ Kxb7 31. Bd2 Nd5 32. Rb3 Rhc8 33. Raa3 a5 34.
g4 Rg8 35. Kf2 g6 36. Ra1 Rgc8 37. Bxh6 gxh5 38. Bd2 hxg4 39. fxg4 Nxc3 40. Kf3
Nd5 41. Bxa5 Ka6 42. Bd2 Rc2 43. Ke2 Rh8 44. Kd3 Rcc8 1/2-1/2

[Event "XXXII Mitropa Cup"]
[Site "Meissen GER"]
[Date "2013.06.06"]
[Round "6.1"]
[White "Brunello, Sabino"]
[Black "Fridman, Daniel"]
[Result "1/2-1/2"]
[WhiteElo "2598"]
[BlackElo "2629"]
[Annotator "ITA-GER"]
[PlyCount "87"]
[EventDate "2013.06.01"]

1. d4 d5 2. c4 e6 3. Nc3 Be7 4. Nf3 Nf6 5. Bg5 h6 6. Bh4 O-O 7. e3 Ne4 8. Bxe7
Qxe7 9. Rc1 c6 10. Be2 Nxc3 11. Rxc3 dxc4 12. Rxc4 Nd7 13. O-O e5 14. Qc2 exd4
15. Nxd4 Nb6 16. Rc5 Nd7 17. Rc4 Nb6 18. Rc5 Nd7 19. Rc3 Nf6 20. Bf3 Rd8 21.
Rd1 Bg4 22. Rcd3 Bxf3 23. Nxf3 Rxd3 24. Qxd3 c5 25. h3 Rc8 26. Qf5 Qe6 27. Qxe6
fxe6 28. Kf1 Kf7 29. Ne5+ Ke7 30. Ke2 c4 31. Rc1 b5 32. a4 a6 33. axb5 axb5 34.
Ra1 Kd6 35. f4 c3 36. Ra6+ Kd5 37. bxc3 Rxc3 38. Rb6 Ke4 39. Rxe6 Rc2+ 40. Kf1
Kxe3 41. Ng4+ Kxf4 42. Nxf6 gxf6 43. Rxf6+ Kg5 44. Rb6 1/2-1/2

[Event "XXXII Mitropa Cup"]
[Site "Meissen GER"]
[Date "2013.06.06"]
[Round "6.3"]
[White "Dvirnyy, Danyyil"]
[Black "Wagner, Dennis"]
[Result "1/2-1/2"]
[WhiteElo "2540"]
[BlackElo "2461"]
[Annotator "ITA-GER"]
[PlyCount "85"]
[EventDate "2013.06.01"]

1. e4 e5 2. Nf3 Nc6 3. Nc3 Nf6 4. d4 exd4 5. Nxd4 Bb4 6. Nxc6 bxc6 7. Bd3 d5 8.
exd5 O-O 9. O-O cxd5 10. Bg5 c6 11. Na4 Bd6 12. Re1 h6 13. Bh4 c5 14. Qf3 Be6
15. h3 Rb8 16. b3 Rb4 17. Bxf6 Qxf6 18. Qxf6 gxf6 19. Rad1 Rd8 20. Kf1 Kg7 21.
Be2 Rbb8 22. Bf3 d4 23. Be2 f5 24. Nb2 Kf6 25. Bc4 Bc7 26. Re2 Re8 27. Rd3 Bd7
28. Rd1 Bc6 29. Rde1 Rxe2 30. Rxe2 Rg8 31. f3 Bd6 32. Nd3 Rb8 33. Ke1 Rg8 34.
Kf1 Rb8 35. Re1 Rg8 36. a3 Rb8 37. Ra1 Rc8 38. a4 a5 39. Re1 Rg8 40. Re2 Rb8
41. Ke1 Rg8 42. Kf1 Rb8 43. Re1 1/2-1/2

[Event "XXXII Mitropa Cup"]
[Site "Meissen GER"]
[Date "2013.06.06"]
[Round "6.4"]
[White "Donchenko, Alexander"]
[Black "Mogranzini, Roberto"]
[Result "1/2-1/2"]
[WhiteElo "2465"]
[BlackElo "2513"]
[Annotator "ITA-GER"]
[PlyCount "109"]
[EventDate "2013.06.01"]

1. c4 Nf6 2. g3 g6 3. Bg2 Bg7 4. Nc3 O-O 5. e4 d6 6. Nge2 c5 7. O-O Nc6 8. d3
a6 9. h3 Rb8 10. a4 Ne8 11. Be3 Nc7 12. d4 cxd4 13. Nxd4 Ne6 14. Nde2 Bd7 15.
b3 Na5 16. Rb1 b5 17. cxb5 axb5 18. axb5 Bxb5 19. Nxb5 Rxb5 20. Qd3 Qb8 21. b4
Rxb4 22. Bd2 Rxb1 23. Rxb1 Qc7 24. e5 Nc4 25. Rc1 Nxe5 26. Rxc7 Nxd3 27. Rxe7
Rb8 28. Be3 Bf6 29. Rd7 Rd8 30. Rxd8+ Nxd8 31. Nf4 Nxf4 32. Bxf4 Be5 33. Bd2
Ne6 34. Kf1 Kf8 35. Ke2 Ke7 36. Bd5 Bd4 37. Bc4 Bb6 38. Bd5 Nc7 39. Bc6 Ne6 40.
Bd5 h5 41. h4 Bc5 42. Bg5+ Kd7 43. Bd2 Bd4 44. Be1 Ke7 45. Bd2 Nc5 46. Bg5+ Bf6
47. Bd2 Nd7 48. Bf4 Nb6 49. Bb3 d5 50. Be3 Nc4 51. Kd3 Ne5+ 52. Kd4 Ng4+ 53.
Kxd5 Nxe3+ 54. fxe3 Bc3 55. Ke4 1/2-1/2

[Event "XXXII Mitropa Cup"]
[Site "Meissen GER"]
[Date "2013.06.07"]
[Round "7.1"]
[White "Kislinsky, Alexey"]
[Black "Brunello, Sabino"]
[Result "1/2-1/2"]
[WhiteElo "2565"]
[BlackElo "2598"]
[Annotator "ITA-CZE"]
[PlyCount "118"]
[EventDate "2013.06.01"]

1. e4 e5 2. Nf3 Nc6 3. Bb5 a6 4. Ba4 Nf6 5. O-O Be7 6. Bxc6 dxc6 7. Qe1 Nd7 8.
b3 c5 9. Bb2 f6 10. Nc3 Nf8 11. Nd5 Ng6 12. a4 Be6 13. Nxe7 Qxe7 14. Ba3 a5 15.
d4 exd4 16. Nxd4 b6 17. f4 Bd7 18. e5 fxe5 19. fxe5 Qh4 20. Qxh4 Nxh4 21. e6
cxd4 22. exd7+ Kxd7 23. Rf4 g5 24. Rxd4+ Kc6 25. Rad1 Kb7 26. Rd7 Rhe8 27. Bd6
Rac8 28. Bg3 Nf5 29. Bf2 Re2 30. c4 h6 31. Rf7 Re5 32. g4 Ne3 33. Rd4 Re6 34.
Bg3 Nc2 35. Rdd7 Rc6 36. Rh7 Nb4 37. Rd6 Rxd6 38. Bxd6 Nc6 39. Bg3 Nd4 40. Rxh6
Nxb3 41. Bf2 Re8 42. Rg6 Re4 43. Rxg5 Rxc4 44. h4 Nd2 45. Rg7 b5 46. Be3 Nb3
47. axb5 a4 48. Rg6 a3 49. Ra6 Rxg4+ 50. Kf2 Rxh4 51. Rxa3 Rb4 52. Ra7+ Kb8 53.
b6 cxb6 54. Rh7 Na5 55. Ke2 Nc6 56. Kd3 b5 57. Bg1 Rc4 58. Rh5 Nb4+ 59. Kd2 Kc7
1/2-1/2

[Event "XXXII Mitropa Cup"]
[Site "Meissen GER"]
[Date "2013.06.07"]
[Round "7.2"]
[White "Godena, Michele"]
[Black "Zilka, Stepan"]
[Result "0-1"]
[WhiteElo "2518"]
[BlackElo "2532"]
[Annotator "ITA-CZE"]
[PlyCount "134"]
[EventDate "2013.06.01"]

1. e4 c5 2. c3 d5 3. exd5 Qxd5 4. d4 Nf6 5. Nf3 Bg4 6. Nbd2 Nc6 7. Bc4 Bxf3 8.
Qb3 Na5 9. Qb5+ Qd7 10. Nxf3 Nxc4 11. Qxc4 cxd4 12. Nxd4 e5 13. Nf3 e4 14. Nd4
Rc8 15. Qe2 Bc5 16. Nb3 Be7 17. O-O O-O 18. Bg5 Qf5 19. Bxf6 Bxf6 20. Rae1 Rce8
21. Nd2 Bd8 22. Nxe4 Qd5 23. c4 Qc6 24. Qd3 Bc7 25. Nc3 Be5 26. g3 h5 27. Nd5
h4 28. Re4 hxg3 29. hxg3 Qg6 30. Qf3 f5 31. Re2 f4 32. g4 Rf5 33. Qh3 Rg5 34.
Kh1 Rxg4 35. f3 Rg5 36. Rg2 Rxg2 37. Qxg2 Qh7+ 38. Qh2 Qd3 39. Qh3 Qxc4 40. Rd1
Qc6 41. Qh5 g6 42. Qg4 Qe6 43. Qxe6+ Rxe6 44. b3 Rd6 45. Kg2 Kf7 46. Kh3 Ke6
47. Nc7+ Kf5 48. Rxd6 Bxd6 49. Nb5 Bc5 50. Nc3 g5 51. Ne4 g4+ 52. Kg2 Bb4 53.
Nf2 g3 54. Nd3 Bd2 55. Kf1 b6 56. Ke2 Kf6 57. Kf1 Ke6 58. Ke2 Kd6 59. a4 a6 60.
Nb2 b5 61. axb5 axb5 62. Nd3 Ke7 63. Kf1 Ke6 64. Ke2 Kd6 65. Kf1 Kd5 66. Ke2 g2
67. Kf2 Kd4 0-1

[Event "XXXII Mitropa Cup"]
[Site "Meissen GER"]
[Date "2013.06.07"]
[Round "7.3"]
[White "Rasik, Vitezslav"]
[Black "Dvirnyy, Danyyil"]
[Result "1/2-1/2"]
[WhiteElo "2483"]
[BlackElo "2540"]
[Annotator "ITA-CZE"]
[PlyCount "290"]
[EventDate "2013.06.01"]

1. e4 e5 2. Nf3 Nc6 3. Bb5 a6 4. Ba4 Nf6 5. O-O b5 6. Bb3 Bc5 7. a4 Rb8 8. axb5
axb5 9. c3 d6 10. Re1 Ng4 11. d4 exd4 12. Bd5 Bd7 13. Bxc6 Bxc6 14. cxd4 Bb6
15. Nc3 O-O 16. h3 Nf6 17. d5 Bd7 18. Be3 Bxe3 19. Rxe3 b4 20. Ne2 c6 21. dxc6
Bxc6 22. Ng3 Re8 23. Nd4 Bd7 24. Qf3 Rb6 25. Rd1 Qe7 26. Ngf5 Qe5 27. Qg3 Qxg3
28. Nxg3 g6 29. f3 h5 30. Kf2 Re5 31. Ra1 Kg7 32. Ra7 h4 33. Nf1 Rc5 34. Nd2
Kh6 35. N2b3 Rc4 36. Re1 Be6 37. Rc1 d5 38. e5 Nh5 39. Ke3 g5 40. Ne2 Nf4 41.
Nxf4 gxf4+ 42. Kd2 Rbc6 43. Raa1 Rc8 44. Ke1 Rc2 45. Kf1 Rxb2 46. Nd4 Rc4 47.
Rd1 Kg5 48. Ra6 Bf5 49. Raa1 b3 50. Kg1 Bc2 51. Rd2 Rxd4 52. Rxd4 Ra2 53. Rf1
b2 54. Rb4 Kf5 55. Kh2 d4 56. e6 fxe6 57. Re1 Kf6 58. Rxd4 Ra1 59. Rxf4+ Bf5
60. Rb4 Rxe1 61. Rxb2 Rc1 62. Rb8 e5 63. Rh8 Kg5 64. Re8 Re1 65. Rg8+ Bg6 66.
Rf8 Re2 67. Rh8 Bf7 68. Rf8 Bd5 69. Kg1 Rd2 70. Rh8 Bc4 71. Rf8 Rd1+ 72. Kh2
Rd6 73. Rh8 Rh6 74. Rf8 Be6 75. Ra8 Bf5 76. Rg8+ Kf4 77. Rf8 Rh5 78. Ra8 Ke3
79. Rg8 Rh6 80. Rg5 Kf4 81. Rg8 Bd3 82. Rg4+ Ke3 83. Kg1 Bf5 84. Ra4 Rh5 85.
Ra3+ Bd3 86. Ra4 Rh6 87. Rg4 Bf5 88. Ra4 Rh7 89. Rb4 Rh5 90. Ra4 Bd3 91. Rg4
Bf5 92. Ra4 Rh8 93. Rb4 e4 94. fxe4 Bxe4 95. Kh2 Rc8 96. Rb2 Rc1 97. Rb8 Rc2
98. Rg8 Re2 99. Rg4 Kf2 100. Rf4+ Ke3 101. Rg4 Bf3 102. Rg8 Bc6 103. Rg6 Bd5
104. Rg5 Rd2 105. Kg1 Kf4 106. Rg4+ Kf5 107. Kh2 Rc2 108. Rg7 Kf4 109. Rg4+ Ke3
110. Rg5 Bc6 111. Rg6 Bd5 112. Rg5 Kd4 113. Rg4+ Be4 114. Rg8 Rc6 115. Rg4 Rh6
116. Rg8 Ke5 117. Rg5+ Bf5 118. Rg8 Kf4 119. Rb8 Rg6 120. Rh8 Kg5 121. Rb8 Be4
122. Rb2 Kf4 123. Rf2+ Ke3 124. Ra2 Rd6 125. Rb2 Rd1 126. Rb8 Rd2 127. Rg8 Kf2
128. Rg4 Re2 129. Rf4+ Ke1 130. Rg4 Bf3 131. Rg8 Kf1 132. Kh1 Bd5 133. Rg5 Be4
134. Rg4 Re3 135. Kh2 Re2 136. Kh1 Re1 137. Kh2 Re3 138. Rf4+ Ke1 139. Kg1 Re2
140. Rg4 Kd2 141. Rg8 Ke3 142. Rg4 Bf5 143. Rg5 Kf4 144. Rg7 Re3 145. Kh2 Rg3
1/2-1/2